| 000 | 00698cam a22002537a 4500 | ||
|---|---|---|---|
| 003 | CHAP | ||
| 005 | 20220329135742.0 | ||
| 008 | 971013s1993 r 00010 d | ||
| 010 | _a41522 | ||
| 011 | _a42494 | ||
| 035 | _a46623 | ||
| 040 | _cCHAP | ||
| 082 |
_a635.933111 _bH3 |
||
| 100 | 0 | 0 |
_aHarding's, Alice. _952643 |
| 245 | 1 | 4 | _aThe peony |
| 260 |
_aPortland, Oregon : _bTimber Press, _c1993 |
||
| 300 |
_a145 p. _b: ilus. |
||
| 590 |
_aBATCH-UPD _b10 _c20130110 _lUCH01 _h2132 |
||
| 590 |
_aCONVERSION _b10 _c20130109 _lUCH01 _h1323 |
||
| 650 | 1 | 4 |
_aPeonias. _986884 |
| 901 | _aBK | ||
| 942 | _cLIBRO | ||
| 949 |
_a635.933111 H3 _bBC _cC _d33724000009148 _eC _gI.174495 _h88738 _i46623 _si _t115.99 |
||
| 999 |
_c41522 _d41522 |
||